Word Ladder: Up Front Quiz Stats

 Plays Quiz Updated Nov 29, 2016

Support Sporcle.
Go Orange.
Score 0/57 Timer 06:00
2 Plays Today
Hint Word % Correct
Wintry precipitationSNOW
96.7%
Above average heightTALL
95.6%
DifficultHARD
94.6%
⇦ Human's outer covering ⇦SKIN
94.5%
Bottom heavy-shaped fruitPEAR
94.4%
Unhurried, ploddingSLOW
94.3%
Cabbage saladSLAW
94.3%
⇦ Past tense of 'go' ⇦WENT
94%
Green citrus fruitLIME
93.8%
⇦ To have viewed ⇦SEEN
93.6%
⇦ With colada a tropical beverage ⇦PINA
93.4%
⇦ CA flag mammal ⇦BEAR
93.3%
Half of a quartPINT
93.1%
Animal fat for cookingLARD
93.1%
Deep underground water sourceWELL
93%
Scalp pestsLICE
92.9%
⇦ Archer and apple foe William ⇦TELL
92.4%
Large farm buildingBARN
92.4%
Kill violentlySLAY
92.3%
Red swollen mark after beatingWELT
92.3%
⇦ Glove filler ⇦HAND
92.3%
Animal's rear appendageTAIL
92.2%
Taste ice creamLICK
92.2%
⇦ Cloth wind catcher (on boat) ⇦SAIL
92.1%
Rough tree coveringBARK
92%
⇦ Dramatic work for stage ⇦PLAY
91.7%
Necklace componentBEAD
91.5%
⇦ Possess information ⇦KNOW
91.3%
Bottled upPENT
90.5%
Hint Word % Correct
A baby sheepLAMB
90.4%
⇦ Inform of impending danger ⇦WARN
90.4%
⇦ Neck topper ⇦HEAD
90.3%
⇦ Tall, upright ship post ⇦MAST
89.3%
⇦ Partner of key ⇦LOCK
89.3%
⇦ The greatest amount ⇦MOST
89.3%
⇦ Large tree branch ⇦LIMB
88.9%
⇦ Broken bone stabilizer ⇦CAST
88.8%
Pay attention, take notice ofHEED
88.4%
Seminal plantSEED
88%
Morse or binary, e.g.CODE
87.2%
German vb. for 'to be'SEIN
87.1%
Rear surfaceBACK
87.1%
American power tool manufacturerSKIL
86.5%
TN university Austin ____PEAY
85.3%
Strong dark beerBOCK
82.9%
National Laotian dish LARB
81.9%
Follows suit, brief, or lowerCASE
73.2%
Drill a holeBORE
70.6%
Beaver and Wally's popWARD
70.4%
Female red deerHIND
70.1%
Abandoned sheep reared by handCADE
69.4%
⇦ Portend, be an omen ⇦BODE
69.2%
Polynesian moon goddessHINA
69%
⇦ And now this from our sponsor . . . ⇦WORD
66.9%
Beetle Bailey creator WalkerMORT
63%
Medicinal herbWORT
62%
⇦⇦ COMMON BOND ⇦⇦FORE
34.3%

Today's Daily Dose

You're not logged in!

Compare scores with friends on all Sporcle quizzes.
OR
Log In

From the Vault

TV Shows by Memes

by JAMO_Peddles

If you don't recognize these shows, you're gonna have a bad time.
Remove Ads.
Support Sporcle.
Get the best of Sporcle when you Go Orange. This ad-free experience offers more features, more stats, and more fun while also helping to support Sporcle. Thank you for becoming a member.

Show Comments

Extras

Top Quizzes Today


Score Distribution

Your Account Isn't Verified!

In order to create a playlist on Sporcle, you need to verify the email address you used during registration. Go to your Sporcle Settings to finish the process.

Report this User

Report this user for behavior that violates our Community Guidelines.

Details: